Dizajnérske procesy používané v automobilovom priemysle /

Na minha lista:
Detalhes bibliográficos
Autor principal: Olah, Peter, 1977- (Author)
Outros Autores: Korenková, Renáta (Thesis advisor)
Formato: Manuscrito Livro
Idioma:eslovaco
Publicado em: Bratislava 2018
Assuntos:
Acesso em linha:http://is.stuba.sk/zp/portal_zp.pl?podrobnosti_zp=66078
Tags: Adicionar Tag
Sem tags, seja o primeiro a adicionar uma tag!

MARC

LEADER 00000ntm a22000003a 4500
001 stuzp66078
003 SK-STU
005 20230317094421.3
007 ta
008 150427s2015----xo-----f-mn---000-0-slo-d
035 |a biblio/67914  |2 CREPC2 
040 |a STU  |b slo 
041 0 |a slo  |b eng 
044 |a xo 
100 1 |a Olah, Peter,  |d 1977-  |u 050903  |k Z7  |4 aut  |U FA Dekanát  |T FA Oddelenie pre vedu a výskum  |X 5303  |U A0903  |Y 93  |7 A000005303 
242 0 1 |a Dizajnérske procesy používané v automobilovom priemysle  |y eng 
245 1 0 |a Dizajnérske procesy používané v automobilovom priemysle /  |c aut. Peter Olah ; škol. Renáta Korenková 
260 |c 2018  |a Bratislava 
300 |a 89 s. 
650 4 |a automobilový dizajn,  |2 slo 
650 4 |a dizajnérsky proces, vývoj produktu, inovácia,  |2 slo 
650 4 |a prototypovanie  |2 slo 
650 4 |a automotive design, design process,  |2 eng 
650 4 |a product developement,  |2 eng 
650 4 |a innovation, prototyping  |2 eng 
700 1 |a Korenková, Renáta  |4 ths  |X null  |7 null 
856 4 |u http://is.stuba.sk/zp/portal_zp.pl?podrobnosti_zp=66078  |u https://opac.crzp.sk/?fn=detailBiblioForm&sid=7398A5BA986E0C6494CB846857E5 
996 |b 284AU07576  |c A* 10825/V  |l AAKNST  |s P  |a 0  |w stuzp66078_0001